| 000 | 01674cam a22004334i 4500 | ||
|---|---|---|---|
| 003 | PE-LiUPU | ||
| 005 | 20250731172825.0 | ||
| 008 | 150617s r 000 0 d | ||
| 035 | _a(Sirsi) a15067 | ||
| 040 |
_aPE-LiUPU _bspa _cPE-LiUPU _erda |
||
| 049 | _aPRUA | ||
| 082 | 0 | 4 |
_a263.2 _bG473s _221 |
| 100 | 1 |
_aGilfillan, James, _eautor. |
|
| 245 | 1 | 4 |
_aThe sabbath viewed in the light of reason, revelation, and history with sketches of its literature / _cJames Gilfillan. |
| 264 | 1 |
_aNew York : _bAmerican Tract Society, _c1862. |
|
| 300 |
_a635 páginas ; _c20 cm |
||
| 336 |
_atext _2rdacontent |
||
| 337 |
_aunmediated _2rdamedia |
||
| 338 |
_avolume _2rdacarrier |
||
| 504 | _aIncluye notas bibliográficas al pie de páginas. | ||
| 505 | 0 | _aSketches of Sabbatic controversies and literature. -Proofs, from reason and experience, of the excelence and divine origin of the Sabbath. -Testimony of revelation to a sacred and perpetual Sabbath. -Evidence from history for a weekly day of rest and worshipáginas -The Sabbath defended against opposing arguments, theories, and schemes. -The claims of the Sabbath practically enforced. | |
| 526 | _aSEG42 | ||
| 526 | _aSEG41 | ||
| 526 | _aSEG40 | ||
| 526 | _aSEG39 | ||
| 526 | _aP94 | ||
| 526 | _aP87 | ||
| 526 | _aP86 | ||
| 526 | _aP85 | ||
| 526 | _aP77 | ||
| 526 | _aP76 | ||
| 526 | _aP35 | ||
| 650 | 0 |
_aSábado en la biblia _9473 |
|
| 910 | _ajck | ||
| 942 |
_2ddc _cBOOK |
||
| 949 |
_a263.2 G48 _wDEWEY _c1 _i22299 _lCCODEBUL1 _mBUL _p00.00 _r0 _sY _tBOOK _u19840307 _xTEOLOGIA _0COMPRA _o.STAFF. Colección General |
||
| 980 |
_81 _gALBERTO SANCHEZ Responsable de Automatización |
||
| 999 |
_c5614 _d5614 |
||